000 00362nam a2200145Ia 4500
008 210719s1893 xx 000 0 und d
041 _aeng
082 _a821.4 MILP
100 _aMILTON (John)
245 _aPoetical works of John Milton.
260 _aLondon
_bMacmillan & Co. Ltd.
_c1893
300 _axi,625
_bHB
365 _cRs
650 _aEnglish Poetry
999 _c214071
_d214071